Countries Mentioned in Brooklyn Nine-Nine - Statistics

General Stats
  • This quiz has been taken 1,182 times
    951 since last reset
  • The average score is 30 of 71
Answer Stats
Times Mentioned Country % Correct
57 USA
96%
36 Canada
89%
32 France
84%
9 Mexico
84%
12 UK
81%
17 Russia
78%
5 China
77%
11 Germany
77%
27 Latvia
77%
13 Spain
75%
11 Japan
72%
14 Sweden
72%
7 Italy
71%
9 Cuba
70%
9 Brazil
69%
4 Australia
66%
5 Argentina
61%
2 India
55%
2 Norway
54%
3 Portugal
54%
1 Finland
52%
10 Greece
50%
3 Ireland
49%
2 Poland
48%
6 Denmark
47%
2 Colombia
46%
3 Egypt
46%
3 South Korea
46%
3 Ukraine
45%
7 Netherlands
44%
2 Belgium
43%
2 North Korea
43%
3 Switzerland
43%
3 Turkey
41%
2 Austria
39%
1 Iran
39%
1 Peru
39%
1 Iceland
37%
1 Iraq
37%
5 Jamaica
36%
2 Estonia
32%
2 Thailand
32%
4 Hungary
30%
2 Nigeria
30%
5 Serbia
30%
2 Vietnam
30%
5 Bahamas
26%
2 Ecuador
26%
1 Panama
26%
2 Albania
25%
2 Laos
24%
1 Costa Rica
22%
3 Malaysia
22%
1 Syria
22%
1 UAE
22%
1 Kenya
20%
3 Paraguay
20%
1 Luxembourg
19%
2 Uzbekistan
19%
3 Barbados
18%
1 Fiji
17%
1 Philippines
17%
1 Ethiopia
16%
2 Jordan
15%
2 Sudan
15%
1 Armenia
14%
1 Tunisia
14%
2 Turkmenistan
12%
1 Myanmar
9%
1 Rwanda
8%
1 Samoa
6%
No matching quizzes found
Score Distribution
Percent of People with Each Score
Percentile by Number Answered
Your Score History
You have not taken this quiz since the last reset